000 00881nam a22002657a 4500
999 _c64295
_d64295
005 20240530110724.0
008 180310s2016 ua ad f b 000 0 ara d
017 _a2016/9165
_bمصر. دار الكتب
020 _a9789772769940
040 _aEG-CaGPL
_cEG-CaGPL
082 0 4 _221
_a219\
_bم ت
100 0 _aمنصور الرفاعى عبيد
245 1 2 _aالتكفير والعنف والارهاب /
_cمنصور الرفاعى عبيد .
250 _aط.1
260 _aالقاهرة :
_bالمكتب العربى للمعارف ،
_c2017 .
300 _a230 ص. ؛
_c24 سم.
650 0 7 _2qrmak
_aالتعصب
650 0 7 _2qrmak
_aالغضب
650 0 7 _2qrmak
_aالعنف
650 0 7 _2qrmak
_aالارهاب
650 0 7 _2qrmak
_aالتطرف الدينى
651 0 7 _2qrmak
942 _2ddc
_cBK